00692pam a2200241 a 4500001000800000005001700008008004100025010001700066020001500083040002300098041000800121060001600129080001700145082002100162100000600183101000800189245002700197504003900224906004500263942001200308999001700320952011300337382452220180216042002.0860926s1987 paua b 001 0 eng c a 86021410  a039750747X aDNLM/DLCcDLCdDLC aeng aWI 700 D615 a616.362 sch00a616.362 sch219 a4 ashm00aDiseases of the liver. aIncludes bibliographies and index. a7bcbccorignewd1eocipf19gy-gencatlg 2ddccBK c42760d42760 00102udc40708REFa002b002cPËKGd2018-02-16l0o616.362 schp002-2997278r2018-02-16w2018-02-16yBK